| Record ID | marc_loc_2016/BooksAll.2016.part28.utf8:28850809:671 |
| Source | Library of Congress |
| Download Link | /show-records/marc_loc_2016/BooksAll.2016.part28.utf8:28850809:671?format=raw |
LEADER: 00671cam a22002174a 4500
001 99068096
003 DLC
005 20150415075451.0
008 991018s1999 alua 000 0 eng
010 $a 99068096
040 $aDLC$cDLC
042 $apcc
050 00 $aND237.M67$bM66 1999
100 1 $aMoore, Daniel A.$q(Daniel August),$d1954-
245 10 $aCrimson & white and other colors /$cDaniel A. Moore with David Moore.
246 3 $aCrimson and white and other colors
260 $a[Birmingham, Ala. :$bNew Life Art,$cc1999]
300 $a200 p. :$bcol. ill. ;$c27 cm.
600 10 $aMoore, Daniel A.$xThemes, motives.
650 0 $aSports in art.
700 1 $aMoore, David.